000 00572nam a2200181 i 4500
001 62939
003 ES-MaACL
005 20231229063017.0
007 t|
008 031127s1963 sp ||||1| spa d
100 1 _aFernández Cuenca, Carlos,
_d1904-1977
_949611
245 1 0 _aGeorges Méliès
_b: (1861-1938) /
_cCarlos Fernández Cuenca.
260 _aMadrid :
_bFilmoteca Nacional de España,
_c1963.
300 _a29 p. ;
_c21 cm.
600 1 4 _aMéliès, Georges (
_d1861-1938)
_9168079
852 _aES-MaACL
_j2066-F-1
_bR.68602
999 _c62939
_d62939